The Seven Summits and the Seven Second Summits - Statistics

General Stats
  • This quiz has been taken 29 times
  • The average score is 8 of 15
Answer Stats
Answer % Correct
Everest
100%
K2
100%
Elbrus
85%
Denali
81%
Kilimanjaro
77%
Aconcagua
69%
Puncak Jaya
58%
Vinson Massif
54%
Kenya
50%
Logan
46%
Ojos del Salado
27%
Kosciuszko
23%
Dykh-Tau
8%
Puncak Trikora
8%
Tyree
8%
No matching quizzes found
Score Distribution
Percent of People with Each Score
Percentile by Number Answered
Your Score History
You have not taken this quiz